书目信息 |
| 题名: |
书画背后的故事
|
|
| 作者: | 陆明 编著 | |
| 分册: | ||
| 出版信息: | 北京 西苑出版社 2009 |
|
| 页数: | 233页 | |
| 开本: | 24cm | |
| 丛书名: | 另类考古系列 | |
| 单 册: | ||
| 中图分类: | J120.92 | |
| 科图分类: | ||
| 主题词: | 美术史--中国--古代--史料 , 美术史 | |
| 电子资源: | ||
| ISBN: | 978-7-80210-198-2 | |
| 000 | 00862oam2 2200289 450 | |
| 001 | 100916058338 | |
| 005 | 20110323141604.00 | |
| 010 | @a978-7-80210-198-2@dCNY29.80 | |
| 035 | @a003402452 | |
| 100 | @a20070402d2009 em y0chiy0110 ea | |
| 101 | 0 | @achi |
| 102 | @aCN@b110000 | |
| 105 | @aa z 000yy | |
| 106 | @ar | |
| 200 | 1 | @a书画背后的故事@9shu hua bei hou de gu shi@f陆明编著 |
| 205 | @a2版 | |
| 210 | @a北京@c西苑出版社@d2009 | |
| 215 | @a233页@c图@d24cm | |
| 225 | 2 | @a另类考古系列 |
| 330 | @a本书内容包括:《卜千秋墓壁画》的与众不同、楚国大夫和《人物御龙帛画》、《出师颂》中起风波等。 | |
| 410 | 0 | @12001 @a另类考古系列 |
| 606 | 0 | @a美术史@y中国@z古代@j史料 |
| 606 | 0 | @a美术史 |
| 690 | @aJ120.92@v4 | |
| 701 | 0 | @a陆明@9lu ming@c(文化史)@4编著 |
| 801 | 0 | @aCN@bNLC@c20110323 |
| 905 | @b205971956-992@h597195-99@dJ120.92@e85=2@f5 | |
| 书画背后的故事/陆明编著.-2版.-北京:西苑出版社,2009 |
| 233页:图;24cm.-(另类考古系列) |
| ISBN 978-7-80210-198-2:CNY29.80 |
| 本书内容包括:《卜千秋墓壁画》的与众不同、楚国大夫和《人物御龙帛画》、《出师颂》中起风波等。 |
| ● |
| 相关链接 |
|
|
|
|
正题名:书画背后的故事
索取号:J120.92/85=2
 
预约/预借
| 序号 | 登录号 | 条形码 | 馆藏地/架位号 | 状态 | 备注 |
| 1 | 597195 | 205971956 | 第一样本阅览室/ [索取号:J120.92/85=2] | 在馆 | |
| 2 | 597196 | 205971965 | 第一借阅区/ [索取号:J120.92/85=2] | 在馆 | |
| 3 | 597197 | 205971974 | 第一借阅区/ [索取号:J120.92/85=2] | 在馆 | |
| 4 | 597198 | 205971983 | 第一借阅区/ [索取号:J120.92/85=2] | 在馆 | |
| 5 | 597199 | 205971992 | 第一借阅区/ [索取号:J120.92/85=2] | 在馆 |